000 00316nam a22001337a 4500
008 170215b xxu||||| |||| 00| 0 eng d
020 _a013074476X
041 _aeng
080 _a61
100 _a4
101 _aSHM
245 _aBEHAVIORAL CONCEPTS AND THE CRITICALLY ILL PATIENT
_cROBERTS, SH.L
942 _2udc
_cBK
999 _c5544
_d5544